[Event "4. Open Municipio de Sanxenxo"]
[Site "Sanxenxo ESP"]
[Date "2007.06.16"]
[Round "1.1"]
[White "Gashimov, Vugar"]
[Black "Moran Llera, Jose Angel"]
[Result "1-0"]
[WhiteElo "2644"]
[BlackElo "1976"]
[PlyCount "71"]
[EventDate "2007.06.16"]
[EventType "swiss"]
[EventRounds "9"]
[EventCountry "ESP"]
[Source "lmi"]
[SourceDate "2007.06.16"]

1. e4 d6 2. d4 Nf6 3. Nc3 g6 4. Bg5 Bg7 5. e5 dxe5 6. dxe5 Nfd7 7. Nd5 Nc6 8.
Bb5 f6 9. exf6 exf6 10. Bf4 Nce5 11. Bxe5 fxe5 12. Ne3 O-O 13. Ne2 c6 14. Bc4+
Kh8 15. O-O Qb6 16. Bb3 Nf6 17. Nc4 Qc7 18. Qd6 Qxd6 19. Nxd6 h6 20. Nc3 b5 21.
Nf7+ Kh7 22. Nxe5 b4 23. Na4 Ne4 24. Nxc6 Nd2 25. Rfe1 Nxb3 26. axb3 a5 27. Nc5
Bxb2 28. Rxa5 Rxa5 29. Nxa5 Bd4 30. Nd3 Ba6 31. Nc6 Bb6 32. Ncxb4 Bxd3 33. Nxd3
h5 34. g3 g5 35. Re7+ Kg8 36. Re5 1-0

[Event "4. Open Municipio de Sanxenxo"]
[Site "Sanxenxo ESP"]
[Date "2007.06.16"]
[Round "1.2"]
[White "Salgado Gonzalez, Julio"]
[Black "Graf, Alexander"]
[Result "0-1"]
[WhiteElo "1967"]
[BlackElo "2620"]
[PlyCount "78"]
[EventDate "2007.06.16"]
[EventType "swiss"]
[EventRounds "9"]
[EventCountry "ESP"]
[Source "lmi"]
[SourceDate "2007.06.16"]

1. d4 f5 2. Bg5 c6 3. Nd2 Qb6 4. Nb3 h6 5. Bf4 d6 6. e4 fxe4 7. Qh5+ Kd8 8. Qf7
Nf6 9. Ne2 a5 10. a4 Na6 11. Be3 Nb4 12. O-O-O Bd7 13. Nf4 Be8 14. Qc4 Nbd5 15.
Ne6+ Kc8 16. g3 Qb4 17. Bd2 Qxc4 18. Bxc4 b6 19. Rde1 Bd7 20. Nf4 Nxf4 21. Bxf4
g5 22. Bd2 Bh3 23. Bf1 Bxf1 24. Rhxf1 Kd7 25. c4 Bg7 26. c5 bxc5 27. dxc5 d5
28. Bc3 Rhb8 29. Kc2 Ne8 30. f3 Bxc3 31. bxc3 Nf6 32. fxe4 Nxe4 33. c4 Rb4 34.
cxd5 cxd5 35. Rd1 Rc4+ 36. Kb2 Rb8 37. Rxd5+ Kc6 38. Rd3 Nxc5 39. Re3 Rcb4 0-1

[Event "4. Open Municipio de Sanxenxo"]
[Site "Sanxenxo ESP"]
[Date "2007.06.16"]
[Round "1.3"]
[White "Giorgadze, Giorgi"]
[Black "Outeiro Padin, Heladio"]
[Result "1-0"]
[WhiteElo "2610"]
[BlackElo "1947"]
[PlyCount "39"]
[EventDate "2007.06.16"]
[EventType "swiss"]
[EventRounds "9"]
[EventCountry "ESP"]
[Source "lmi"]
[SourceDate "2007.06.16"]

1. d4 Nf6 2. Nf3 d5 3. e3 Bg4 4. c4 c6 5. Nbd2 e6 6. Bd3 Nbd7 7. h3 Bh5 8. O-O
c5 9. cxd5 Nxd5 10. Qb3 N5b6 11. a4 a6 12. Be4 Rb8 13. a5 c4 14. Nxc4 Nxc4 15.
Qxc4 Nf6 16. Qa4+ Qd7 17. Bc2 Bd6 18. e4 Bxf3 19. gxf3 e5 20. f4 1-0

[Event "4. Open Municipio de Sanxenxo"]
[Site "Sanxenxo ESP"]
[Date "2007.06.16"]
[Round "1.4"]
[White "Redondo Varela, Celestino"]
[Black "Malakhatko, Vadim"]
[Result "0-1"]
[WhiteElo "1936"]
[BlackElo "2598"]
[PlyCount "94"]
[EventDate "2007.06.16"]
[EventType "swiss"]
[EventRounds "9"]
[EventCountry "ESP"]
[Source "lmi"]
[SourceDate "2007.06.16"]

1. e4 c5 2. Nc3 Nc6 3. g3 g6 4. Bg2 Bg7 5. d3 d6 6. f4 e6 7. Nf3 Nge7 8. O-O
O-O 9. Be3 b6 10. Rb1 Ba6 11. Qd2 d5 12. Bf2 dxe4 13. Nxe4 Bb7 14. Rfe1 Qc7 15.
c3 Rad8 16. Qc2 Rd7 17. Rbd1 Rfd8 18. Rd2 h6 19. Be3 Nd5 20. Kh1 Nxe3 21. Rxe3
Qb8 22. Nf2 Qa8 23. Ng4 Ne7 24. Nfe5 Bxg2+ 25. Rxg2 Rd5 26. Kg1 h5 27. Nf2 Bxe5
28. Rxe5 Rxe5 29. fxe5 Qd5 30. Qe2 Nc6 31. Ne4 Qxd3 32. Nf6+ Kg7 33. Ne8+ Kf8
34. Nd6 Qxe2 35. Rxe2 Nxe5 36. Nb5 Rd1+ 37. Kg2 Nc6 38. Na3 Ke7 39. Nc4 b5 40.
Ne3 Rd3 41. Kf3 c4 42. Kf4 f6 43. h3 g5+ 44. Kf3 f5 45. Kg2 Kf6 46. g4 hxg4 47.
hxg4 f4 0-1

[Event "4. Open Municipio de Sanxenxo"]
[Site "Sanxenxo ESP"]
[Date "2007.06.16"]
[Round "1.5"]
[White "Ramesh, R B."]
[Black "Bernardez Duran, Tomas"]
[Result "1-0"]
[WhiteElo "2471"]
[BlackElo "1933"]
[PlyCount "77"]
[EventDate "2007.06.16"]
[EventType "swiss"]
[EventRounds "9"]
[EventCountry "ESP"]
[Source "lmi"]
[SourceDate "2007.06.16"]

1. d4 Nf6 2. c4 e5 3. dxe5 Ng4 4. Bf4 Bc5 5. e3 d6 6. exd6 Qf6 7. Qd2 Bxd6 8.
Bxd6 Qxd6 9. Qxd6 cxd6 10. Nc3 Be6 11. Nf3 Nc6 12. Be2 Nge5 13. Nxe5 dxe5 14.
b3 O-O 15. O-O-O Rfd8 16. Kb2 a6 17. Bf3 Kf8 18. Bxc6 bxc6 19. Rxd8+ Rxd8 20.
Rd1 Rxd1 21. Nxd1 Ke7 22. Ka3 Kd6 23. Nc3 Kc7 24. Kb4 f6 25. Ka5 Kb7 26. Ne4
Ka7 27. Nc5 Bc8 28. a4 f5 29. f4 e4 30. g3 h6 31. h4 h5 32. b4 g6 33. b5 axb5
34. axb5 cxb5 35. cxb5 Bb7 36. b6+ Kb8 37. Nxb7 Kxb7 38. Kb5 Kb8 39. Kc6 1-0

[Event "4. Open Municipio de Sanxenxo"]
[Site "Sanxenxo ESP"]
[Date "2007.06.16"]
[Round "1.7"]
[White "Reinaldo Castineira, Roi"]
[Black "Klaversteijn Sozzo, Juan Martin"]
[Result "1-0"]
[WhiteElo "2452"]
[BlackElo "1905"]
[PlyCount "67"]
[EventDate "2007.06.16"]
[EventType "swiss"]
[EventRounds "9"]
[EventCountry "ESP"]
[Source "lmi"]
[SourceDate "2007.06.16"]

1. e4 d5 2. exd5 Qxd5 3. Nc3 Qa5 4. g3 c6 5. Bg2 Nf6 6. Nge2 Bg4 7. h3 Bh5 8.
b4 Qc7 9. O-O e6 10. b5 a6 11. bxc6 Nxc6 12. d3 Be7 13. Bf4 Bd6 14. Qd2 O-O 15.
Bg5 Rac8 16. Bxf6 gxf6 17. Qh6 Bg6 18. Ne4 Be5 19. c3 f5 20. Nd2 b5 21. Qe3
Rfd8 22. Bxc6 f4 23. gxf4 Rxd3 24. Qxe5 Qxc6 25. Rad1 Rcd8 26. Nd4 Qxc3 27.
N2f3 Rd5 28. Rxd3 Qxd3 29. Qe3 Qc4 30. Rc1 Qxa2 31. f5 exf5 32. Qh6 Rd8 33.
Nxf5 Qb2 34. N3d4 1-0

[Event "4. Open Municipio de Sanxenxo"]
[Site "Sanxenxo ESP"]
[Date "2007.06.16"]
[Round "1.8"]
[White "Alonso Macias, Victor"]
[Black "Caselas Cabanas, Jacobo"]
[Result "0-1"]
[WhiteElo "1902"]
[BlackElo "2423"]
[PlyCount "90"]
[EventDate "2007.06.16"]
[EventType "swiss"]
[EventRounds "9"]
[EventCountry "ESP"]
[Source "lmi"]
[SourceDate "2007.06.16"]

1. e4 e6 2. d4 d5 3. e5 c5 4. c3 Nc6 5. Nf3 Bd7 6. Be2 Nge7 7. Na3 cxd4 8. cxd4
Nf5 9. Nc2 Qb6 10. O-O a5 11. b3 Rc8 12. Bb2 a4 13. Rb1 axb3 14. axb3 Na5 15.
Ba3 Rxc2 16. Bxf8 Rxe2 17. Qxe2 Kxf8 18. Qb2 Qb4 19. Ra1 Ke7 20. g4 Nh6 21. Qc1
Rc8 22. Qg5+ Kf8 23. Rfc1 Nc6 24. Qf4 Kg8 25. h3 Rf8 26. Qe3 Qe7 27. Ra2 Kh8
28. Rca1 Nb4 29. Rb2 Rc8 30. Ra7 Bb5 31. Ra5 Ba6 32. Rb1 Ng8 33. Rc1 Rf8 34.
Rac5 Nd3 35. Rc7 Nxc1 36. Rxe7 Ne2+ 37. Kg2 Nxe7 38. Qd2 Kg8 39. h4 Ng6 40. Qc2
Bd3 41. Qd2 Be4 42. h5 Ngf4+ 43. Kh2 Bxf3 44. Qc2 h6 45. b4 Ra8 0-1

[Event "4. Open Municipio de Sanxenxo"]
[Site "Sanxenxo ESP"]
[Date "2007.06.16"]
[Round "1.9"]
[White "Wippermann, Till"]
[Black "Espasa Gonzalez, Jaime"]
[Result "1-0"]
[WhiteElo "2422"]
[BlackElo "1886"]
[PlyCount "47"]
[EventDate "2007.06.16"]
[EventType "swiss"]
[EventRounds "9"]
[EventCountry "ESP"]
[Source "lmi"]
[SourceDate "2007.06.16"]

1. e4 c5 2. Nc3 d6 3. f4 Nc6 4. Nf3 e6 5. g3 Nf6 6. Bg2 Be7 7. d3 O-O 8. O-O
Rb8 9. h3 a6 10. g4 Bd7 11. Ne2 e5 12. Ng3 b5 13. g5 Ne8 14. f5 f6 15. g6 hxg6
16. fxg6 f5 17. exf5 Nf6 18. Ng5 d5 19. Nh7 Be8 20. Nxf6+ Rxf6 21. Qh5 Bxg6 22.
fxg6 Rxf1+ 23. Kxf1 Bf6 24. Nf5 1-0

[Event "4. Open Municipio de Sanxenxo"]
[Site "Sanxenxo ESP"]
[Date "2007.06.16"]
[Round "1.10"]
[White "Brandao, Alvaro Sousa"]
[Black "Vila Gazquez, Xavier"]
[Result "0-1"]
[WhiteElo "1886"]
[BlackElo "2415"]
[PlyCount "86"]
[EventDate "2007.06.16"]
[EventType "swiss"]
[EventRounds "9"]
[EventCountry "ESP"]
[Source "lmi"]
[SourceDate "2007.06.16"]

1. d4 Nf6 2. Nf3 e6 3. Bg5 h6 4. Bh4 d6 5. e3 Nbd7 6. Nbd2 g5 7. Bg3 Nh5 8. Bd3
Bg7 9. c3 Qe7 10. e4 e5 11. d5 g4 12. Nh4 Ndf6 13. Nf5 Bxf5 14. exf5 Nf4 15.
Qa4+ Kf8 16. Bxf4 exf4+ 17. Ne4 Re8 18. f3 Nxd5 19. O-O Ne3 20. Rf2 d5 21. f6
Bxf6 22. Nxf6 Qxf6 23. fxg4 Nxg4 24. Qxf4 Qxf4 25. Rxf4 Ne5 26. Bc2 Re6 27. Rd1
c6 28. a4 Rg8 29. Rdf1 Rg5 30. h3 Rg7 31. Kh1 Nc4 32. Bf5 Re3 33. R1f2 Nd6 34.
Kh2 Ke7 35. Bb1 Rg5 36. Ba2 Rge5 37. c4 dxc4 38. Bxc4 Nxc4 39. Rxc4 R5e4 40.
Rf4 Rxf4 41. Rxf4 Rb3 42. Rh4 Rxb2 43. Rxh6 c5 0-1

[Event "4. Open Municipio de Sanxenxo"]
[Site "Sanxenxo ESP"]
[Date "2007.06.17"]
[Round "2.1"]
[White "Wintzer, Joachim"]
[Black "Gashimov, Vugar"]
[Result "0-1"]
[WhiteElo "2351"]
[BlackElo "2644"]
[PlyCount "50"]
[EventDate "2007.06.16"]
[EventType "swiss"]
[EventRounds "9"]
[EventCountry "ESP"]
[Source "lmi"]
[SourceDate "2007.06.16"]

1. c4 c5 2. g3 g6 3. Bg2 Bg7 4. Nc3 Nc6 5. a3 b6 6. b4 Bb7 7. b5 Bxc3 8. dxc3
Na5 9. Bxb7 Nxb7 10. Nf3 Nf6 11. O-O Na5 12. Qd3 h6 13. e4 d6 14. Ra2 Qd7 15.
Re2 O-O-O 16. Kg2 g5 17. h3 Qe6 18. Nd2 Rhg8 19. Rfe1 Kb8 20. Kh2 g4 21. hxg4
Nxg4+ 22. Kg2 Ne5 23. Qd5 Qg4 24. Nf1 e6 25. Qd1 Nf3 0-1

[Event "4. Open Municipio de Sanxenxo"]
[Site "Sanxenxo ESP"]
[Date "2007.06.17"]
[Round "2.3"]
[White "Aloma Vidal, Robert"]
[Black "Giorgadze, Giorgi"]
[Result "0-1"]
[WhiteElo "2321"]
[BlackElo "2610"]
[PlyCount "61"]
[EventDate "2007.06.16"]
[EventType "swiss"]
[EventRounds "9"]
[EventCountry "ESP"]
[Source "lmi"]
[SourceDate "2007.06.16"]

1. d4 Nf6 2. Nf3 e6 3. e3 b6 4. Bd3 Bb7 5. O-O c5 6. b3 Be7 7. Bb2 O-O 8. Nbd2
cxd4 9. exd4 d6 10. c4 Nbd7 11. Qe2 Re8 12. Ng5 Bf8 13. f4 g6 14. Rae1 Rc8 15.
Qe3 Bg7 16. Qh3 Nf8 17. Ndf3 h6 18. Nxf7 Kxf7 19. Ne5+ dxe5 20. fxe5 Kg8 21.
exf6 Bxf6 22. Qxh6 Bxd4+ 23. Kh1 Rc7 24. Rxf8+ Rxf8 25. Qxg6+ Rg7 26. Qxe6+
Rff7 27. Bg6 Bxg2+ 28. Kxg2 Qg5+ 29. Kh1 Rxg6 30. Qxg6+ Qxg6 31. Bxd4 0-1

[Event "4. Open Municipio de Sanxenxo"]
[Site "Sanxenxo ESP"]
[Date "2007.06.17"]
[Round "2.4"]
[White "Malakhatko, Vadim"]
[Black "Vonthron, Horst"]
[Result "1/2-1/2"]
[WhiteElo "2598"]
[BlackElo "2305"]
[PlyCount "116"]
[EventDate "2007.06.16"]
[EventType "swiss"]
[EventRounds "9"]
[EventCountry "ESP"]
[Source "lmi"]
[SourceDate "2007.06.16"]

1. d4 Nf6 2. c4 g6 3. Nc3 Bg7 4. e4 d6 5. f3 O-O 6. Be3 c5 7. Nge2 Nc6 8. Qd2
a6 9. d5 Ne5 10. Nc1 e6 11. Be2 exd5 12. cxd5 b5 13. a3 Nc4 14. Bxc4 bxc4 15.
O-O Nd7 16. Kh1 Rb8 17. Rb1 Ne5 18. Bh6 Bxh6 19. Qxh6 f5 20. Qd2 fxe4 21. Nxe4
Bf5 22. Ne2 Bxe4 23. fxe4 Qh4 24. Nc3 Nd3 25. b4 Nf2+ 26. Kg1 Nxe4 27. Rxf8+
Rxf8 28. Nxe4 Qxe4 29. Rd1 cxb4 30. axb4 Re8 31. h3 Re5 32. Qd4 Kg7 33. Qa7+
Kh6 34. Qd4 Kg5 35. Qd2+ Qe3+ 36. Qxe3+ Rxe3 37. Rd4 Rc3 38. Re4 Kf5 39. Re6
Rd3 40. Rxd6 Ke5 41. Rxa6 Kxd5 42. Ra7 c3 43. Rc7 Kd4 44. b5 Rd1+ 45. Kf2 Rb1
46. Ke2 Rxb5 47. Rxh7 Rb2+ 48. Kd1 Rd2+ 49. Kc1 Rxg2 50. h4 Rg1+ 51. Kc2 Rg2+
52. Kc1 Kd3 53. Rd7+ Ke4 54. Rc7 Kd3 55. Rd7+ Ke4 56. Rc7 Rg3 57. Kc2 Kf5 58.
Rc8 Rh3 1/2-1/2

[Event "4. Open Municipio de Sanxenxo"]
[Site "Sanxenxo ESP"]
[Date "2007.06.17"]
[Round "2.5"]
[White "Alvarez Fernandez, Enrique"]
[Black "Ramesh, R B."]
[Result "1/2-1/2"]
[WhiteElo "2301"]
[BlackElo "2471"]
[PlyCount "101"]
[EventDate "2007.06.16"]
[EventType "swiss"]
[EventRounds "9"]
[EventCountry "ESP"]
[Source "lmi"]
[SourceDate "2007.06.16"]

1. d4 Nf6 2. Nf3 d5 3. Bf4 c5 4. e3 Nc6 5. c3 Qb6 6. Qb3 c4 7. Qc2 Bf5 8. Qc1
e6 9. h3 Be7 10. Be2 O-O 11. O-O Qd8 12. Nbd2 b5 13. Ne5 Nxe5 14. Bxe5 Bg6 15.
Bd1 Bd3 16. Re1 b4 17. Bxf6 bxc3 18. Bxe7 cxd2 19. Qxd2 Qxe7 20. b3 e5 21. dxe5
Qxe5 22. Be2 Bxe2 23. Qxe2 Rab8 24. Rab1 Rfc8 25. bxc4 Rxb1 26. Rxb1 dxc4 27.
Rc1 c3 28. Qd3 g6 29. Qd4 Qa5 30. Rc2 h5 31. Qd3 Qb4 32. Kh2 a5 33. g3 h4 34.
gxh4 Qxh4 35. Qd4 Qxd4 36. exd4 Kf8 37. Kg3 Ke7 38. Kf4 Kd6 39. Ke4 f5+ 40. Kd3
Rh8 41. f3 Rxh3 42. Ke3 g5 43. Rxc3 g4 44. Kf4 a4 45. Re3 Kd5 46. Re5+ Kxd4 47.
fxg4 Rh2 48. Rxf5 Rxa2 49. Ra5 a3 50. g5 Ra1 51. Kf5 1/2-1/2

[Event "4. Open Municipio de Sanxenxo"]
[Site "Sanxenxo ESP"]
[Date "2007.06.17"]
[Round "2.6"]
[White "De La Villa Garcia, Jesus M"]
[Black "Rodriguez, Lopez Rafael"]
[Result "1-0"]
[WhiteElo "2457"]
[BlackElo "2271"]
[PlyCount "51"]
[EventDate "2007.06.16"]
[EventType "swiss"]
[EventRounds "9"]
[EventCountry "ESP"]
[Source "lmi"]
[SourceDate "2007.06.16"]

1. e4 d5 2. exd5 Qxd5 3. Nc3 Qa5 4. Bc4 c6 5. d3 Nf6 6. Bd2 Qc7 7. Qe2 e6 8.
Nf3 Be7 9. O-O Nbd7 10. a4 b6 11. Rfe1 h6 12. Nd4 Nb8 13. Qf3 O-O 14. Bf4 Qd8
15. Nxc6 Nxc6 16. Qxc6 Bd7 17. Qf3 Qc8 18. Nb5 Bc6 19. Qe2 Qd7 20. Nc7 Rac8 21.
Nxe6 Rfe8 22. Qd2 Bxa4 23. Nc7 Red8 24. Rxa4 Bd6 25. Nb5 Bxf4 26. Qxf4 1-0

[Event "4. Open Municipio de Sanxenxo"]
[Site "Sanxenxo ESP"]
[Date "2007.06.17"]
[Round "2.8"]
[White "Caselas Cabanas, Jacobo"]
[Black "Patino Romaris, Juan Roberto"]
[Result "1-0"]
[WhiteElo "2423"]
[BlackElo "2241"]
[PlyCount "167"]
[EventDate "2007.06.16"]
[EventType "swiss"]
[EventRounds "9"]
[EventCountry "ESP"]
[Source "lmi"]
[SourceDate "2007.06.16"]

1. d4 c5 2. d5 Nf6 3. Nf3 e6 4. Nc3 exd5 5. Nxd5 Nxd5 6. Qxd5 Be7 7. Bg5 Nc6 8.
a3 b6 9. e3 Bb7 10. O-O-O Na5 11. Qf5 g6 12. Qe5 Rf8 13. Bh6 f6 14. Qg3 Rf7 15.
h4 Bf8 16. Bxf8 Rxf8 17. Bb5 Rf7 18. h5 g5 19. Rd6 a6 20. Bd3 Bc6 21. Bf5 Nb7
22. Rd2 Qb8 23. Qg4 Qc7 24. Rhd1 O-O-O 25. Qc4 Re7 26. Qxa6 Kb8 27. Qf1 d5 28.
c3 Nd6 29. Bd3 Rde8 30. Kb1 Ne4 31. Re2 Qa7 32. Nd2 Nd6 33. Qg1 Qc7 34. Qh2 Kb7
35. Nf1 Ne4 36. Qg1 Qe5 37. Nd2 Ba4 38. Rc1 Nd6 39. g4 Qe6 40. e4 Qd7 41. f3
dxe4 42. Nxe4 Nxe4 43. Bxe4+ Bc6 44. Rd1 Qc7 45. Bxc6+ Kxc6 46. Red2 Qf4 47.
Qf1 Qxd2 48. Rxd2 Re1+ 49. Rd1 Rxf1 50. Rxf1 c4 51. f4 Re4 52. fxg5 fxg5 53.
Rf6+ Kc7 54. Rf7+ Kc6 55. Rxh7 Rxg4 56. Rg7 Rg2 57. a4 Kd6 58. h6 Rh2 59. h7
Kc6 60. Kc1 Kd6 61. Kb1 Kc6 62. Ka2 Kd6 63. Ka3 Kc6 64. Rg6+ Kb7 65. Rxg5 Rxh7
66. Rg4 Rh5 67. Rxc4 Rg5 68. Kb4 Rh5 69. Rf4 Rg5 70. c4 Rh5 71. b3 Rg5 72. Rf7+
Kc6 73. Ra7 Rg3 74. a5 bxa5+ 75. Rxa5 Kb6 76. Rf5 Rh3 77. Rf6+ Kc7 78. c5 Rg3
79. Kc4 Kb7 80. b4 Kc7 81. Rf7+ Kc8 82. Kb5 Rg4 83. c6 Rh4 84. Kc5 1-0

[Event "4. Open Municipio de Sanxenxo"]
[Site "Sanxenxo ESP"]
[Date "2007.06.17"]
[Round "2.9"]
[White "Torres Dominguez, David"]
[Black "Wippermann, Till"]
[Result "0-1"]
[WhiteElo "2153"]
[BlackElo "2422"]
[PlyCount "63"]
[EventDate "2007.06.16"]
[EventType "swiss"]
[EventRounds "9"]
[EventCountry "ESP"]
[Source "lmi"]
[SourceDate "2007.06.16"]

1. f4 g6 2. Nf3 Bg7 3. g3 c5 4. Bg2 Nc6 5. O-O e6 6. e4 Nge7 7. e5 d6 8. d4
cxd4 9. Nxd4 dxe5 10. Nxc6 Qxd1 11. Rxd1 Nxc6 12. fxe5 Bxe5 13. Nc3 O-O 14. Bh6
Bd4+ 15. Kh1 Bg7 16. Bxg7 Kxg7 17. Nb5 e5 18. Nd6 Rb8 19. Nxc8 Rfxc8 20. Rd7
Rd8 21. Rad1 Nd4 22. Rc7 Ne6 23. Rcd7 Rxd7 24. Rxd7 Rd8 25. Rxd8 Nxd8 26. c4 b6
27. b4 Kf6 28. Bd5 Ke7 29. Kg2 f5 30. Kf3 h6 31. Ke3 Kd6 32. a3 0-1

[Event "4. Open Municipio de Sanxenxo"]
[Site "Sanxenxo ESP"]
[Date "2007.06.17"]
[Round "2.10"]
[White "Vila Gazquez, Xavier"]
[Black "Sanchez Juncal, Benito"]
[Result "1/2-1/2"]
[WhiteElo "2415"]
[BlackElo "2224"]
[PlyCount "220"]
[EventDate "2007.06.16"]
[EventType "swiss"]
[EventRounds "9"]
[EventCountry "ESP"]
[Source "lmi"]
[SourceDate "2007.06.16"]

1. e4 e5 2. Bc4 Nf6 3. d3 c6 4. Nf3 Be7 5. O-O Qc7 6. Nc3 O-O 7. Bb3 d6 8. d4
Nbd7 9. h3 b5 10. d5 b4 11. dxc6 bxc3 12. cxd7 Bxd7 13. Qd3 Bc6 14. Bg5 Qb7 15.
Rfe1 cxb2 16. Rab1 Rad8 17. Rxb2 Qa8 18. c4 Rfe8 19. Bxf6 Bxf6 20. Nd2 Bg5 21.
Nb1 a5 22. Nc3 a4 23. Bc2 Qa5 24. Reb1 Ra8 25. Rb4 a3 26. Ba4 Bxa4 27. Rxa4 Qc5
28. Rxa8 Rxa8 29. Nb5 Be7 30. Qd5 Ra4 31. Qxc5 dxc5 32. Rc1 Bg5 33. Rc3 Kf8 34.
Kf1 Bd2 35. Rc2 Bb4 36. Ke2 Ra8 37. Nc7 Rb8 38. Rc1 Rb7 39. Nb5 Ke7 40. Rd1 Rb6
41. Rd5 f6 42. Kd3 g6 43. Kc2 Ra6 44. Kb3 h5 45. f3 h4 46. Rd3 Ra5 47. Rd5 Ra6
48. Rd1 Ra8 49. Rd6 Rb8 50. Rd1 Ra8 51. Kc2 Rb8 52. Rd3 Ra8 53. Nc7 Rb8 54.
Nd5+ Ke6 55. Rb3 Rb7 56. Kd3 Rd7 57. Ke2 Rb7 58. Rb1 Rb8 59. Nc7+ Kd6 60. Nb5+
Ke7 61. Rd1 Rb6 62. Ke3 Ra6 63. f4 exf4+ 64. Kxf4 g5+ 65. Kf3 Rc6 66. Rd3 Ra6
67. Rd5 Re6 68. Ke3 Ra6 69. Rf5 Rc6 70. Kf3 Ke6 71. Kg4 Bd2 72. Rd5 Bc1 73. Kh5
Bb2 74. Kg4 Bc1 75. Rd8 Bb2 76. Re8+ Kf7 77. Ra8 Kg6 78. Kf3 Rb6 79. Rc8 Bd4
80. Rd8 Bb2 81. Rd5 Rc6 82. Rd7 Be5 83. Kg4 Rb6 84. Ra7 Bb2 85. Kf3 f5 86.
exf5+ Kxf5 87. Rc7 Bd4 88. Rd7 Ke6 89. Rh7 Kf5 90. Rf7+ Kg6 91. Rf8 Kg7 92. Rf5
Kg6 93. Kg4 Be3 94. Re5 Rf6 95. Re4 Bc1 96. g3 hxg3 97. Kxg3 Kf5 98. Re8 Rh6
99. Rc8 Be3 100. Ra8 Bf4+ 101. Kg2 g4 102. Rf8+ Ke4 103. Re8+ Kd3 104. hxg4
Kxc4 105. Nxa3+ Kd5 106. Rd8+ Ke4 107. Re8+ Kd5 108. Nb5 Be5 109. a4 Ra6 110.
Rd8+ Ke4 1/2-1/2

[Event "4. Open Municipio de Sanxenxo"]
[Site "Sanxenxo ESP"]
[Date "2007.06.18"]
[Round "3.1"]
[White "Gashimov, Vugar"]
[Black "Caselas Cabanas, Jacobo"]
[Result "1-0"]
[WhiteElo "2644"]
[BlackElo "2423"]
[PlyCount "63"]
[EventDate "2007.06.16"]
[EventType "swiss"]
[EventRounds "9"]
[EventCountry "ESP"]
[Source "lmi"]
[SourceDate "2007.06.16"]

1. e4 e6 2. d4 d5 3. Nc3 Bb4 4. e5 Ne7 5. a3 Bxc3+ 6. bxc3 b6 7. Qg4 Ng6 8. h4
h5 9. Qd1 Ba6 10. Bxa6 Nxa6 11. Bg5 f6 12. Qd3 Kf7 13. Nh3 Nb8 14. O-O Qe8 15.
Qf3 Nd7 16. Rae1 Qe7 17. c4 c6 18. Re3 Rad8 19. cxd5 cxd5 20. Rfe1 Ndf8 21. Rc3
Nd7 22. Rc7 Kg8 23. exf6 gxf6 24. Bxf6 Qxf6 25. Rxd7 Rf8 26. Qxf6 Rxf6 27. Ng5
Nxh4 28. Rxe6 Rxe6 29. Nxe6 Rh6 30. Nf4 Rc6 31. Rxd5 Ng6 32. Rg5 1-0

[Event "4. Open Municipio de Sanxenxo"]
[Site "Sanxenxo ESP"]
[Date "2007.06.18"]
[Round "3.2"]
[White "Wippermann, Till"]
[Black "Graf, Alexander"]
[Result "1/2-1/2"]
[WhiteElo "2422"]
[BlackElo "2620"]
[PlyCount "82"]
[EventDate "2007.06.16"]
[EventType "swiss"]
[EventRounds "9"]
[EventCountry "ESP"]
[Source "lmi"]
[SourceDate "2007.06.16"]

1. e4 c5 2. Nf3 e6 3. d4 cxd4 4. Nxd4 Nf6 5. Nc3 d6 6. g3 b6 7. Bg2 Bb7 8. O-O
Nbd7 9. Re1 Qb8 10. f4 a6 11. Qe2 g6 12. b3 e5 13. Nf3 Bg7 14. fxe5 dxe5 15.
Ba3 Bf8 16. Bxf8 Kxf8 17. Nd5 Kg7 18. c4 Qd6 19. Nh4 Bxd5 20. cxd5 Rhc8 21. Rf1
Rc3 22. Rf2 Rac8 23. Raf1 Qc5 24. Bh3 Re3 25. Qxa6 Rxe4 26. Kh1 Rxh4 27. gxh4
Qxd5+ 28. Kg1 Rc6 29. Qb7 Nc5 30. Qa8 Rc7 31. Qb8 Rb7 32. Qc8 Nfe4 33. Bg2 Qd4
34. Bxe4 Qxe4 35. h5 Ne6 36. h6+ Kxh6 37. Rxf7 Rxf7 38. Rxf7 Nf4 39. Qf8+ Kg5
40. Qe7+ Kg4 41. Qd7+ Kg5 1/2-1/2

[Event "4. Open Municipio de Sanxenxo"]
[Site "Sanxenxo ESP"]
[Date "2007.06.18"]
[Round "3.3"]
[White "Giorgadze, Giorgi"]
[Black "Lariño Nieto, David"]
[Result "1/2-1/2"]
[WhiteElo "2610"]
[BlackElo "2404"]
[PlyCount "35"]
[EventDate "2007.06.16"]
[EventType "swiss"]
[EventRounds "9"]
[EventCountry "ESP"]
[Source "lmi"]
[SourceDate "2007.06.16"]

1. d4 Nf6 2. Nf3 g6 3. g3 Bg7 4. Bg2 O-O 5. O-O d6 6. Nc3 Nbd7 7. e4 e5 8. Re1
exd4 9. Nxd4 Re8 10. h3 h6 11. Nb3 Nb6 12. a4 a5 13. Kh2 Bd7 14. Nd4 Re7 15.
Ndb5 Bc6 16. Nd4 Bd7 17. Ndb5 Bc6 18. Nd4 1/2-1/2

[Event "4. Open Municipio de Sanxenxo"]
[Site "Sanxenxo ESP"]
[Date "2007.06.18"]
[Round "3.4"]
[White "Aguera Naredo, Javier"]
[Black "De La Villa Garcia, Jesus M"]
[Result "1-0"]
[WhiteElo "2365"]
[BlackElo "2457"]
[PlyCount "83"]
[EventDate "2007.06.16"]
[EventType "swiss"]
[EventRounds "9"]
[EventCountry "ESP"]
[Source "lmi"]
[SourceDate "2007.06.16"]

1. e4 e6 2. d4 d5 3. Nc3 Nc6 4. Nf3 Nf6 5. e5 Ne4 6. Bd3 Bb4 7. Bd2 Nxd2 8.
Qxd2 f6 9. exf6 Qxf6 10. O-O O-O 11. Bb5 Ne7 12. Ne5 c5 13. Rae1 a6 14. Bd7
cxd4 15. Qxd4 Bd6 16. Bxc8 Raxc8 17. Nf3 Qg6 18. Qd3 Nf5 19. Ne2 Rf6 20. Qd2
Rc4 21. c3 Rg4 22. Ng3 Bc5 23. Ne5 Nxg3 24. Nxg6 Rfxg6 25. Rxe6 Nxf1 26. Qxd5
Rxg2+ 27. Qxg2 Rxg2+ 28. Kxg2 Nd2 29. b4 Bf8 30. Rb6 Kf7 31. a4 Nc4 32. Rxb7+
Ke6 33. Rc7 Kd5 34. Rf7 Bd6 35. Rxg7 Be5 36. Rxh7 Bxc3 37. Rh5+ Kd4 38. b5 a5
39. Rh6 Bd2 40. Rg6 Kc5 41. h4 Kb4 42. b6 1-0

[Event "4. Open Municipio de Sanxenxo"]
[Site "Sanxenxo ESP"]
[Date "2007.06.18"]
[Round "3.5"]
[White "Reinaldo Castineira, Roi"]
[Black "Recuero Guerra, David"]
[Result "1-0"]
[WhiteElo "2452"]
[BlackElo "2372"]
[PlyCount "35"]
[EventDate "2007.06.16"]
[EventType "swiss"]
[EventRounds "9"]
[EventCountry "ESP"]
[Source "lmi"]
[SourceDate "2007.06.16"]

1. Nf3 Nf6 2. c4 Nc6 3. g3 e5 4. Bg2 Bc5 5. O-O O-O 6. Nxe5 Bxf2+ 7. Rxf2 Nxe5
8. d4 Nxc4 9. Bg5 Qe8 10. Bxf6 gxf6 11. Nc3 Ne3 12. Qd2 Kg7 13. Be4 f5 14. Qxe3
f6 15. Rxf5 d5 16. Rxd5 c6 17. Rd6 Qe7 18. Qf4 1-0